000 00562nam a22001817a 4500
999 _c7755
_d7755
003 OSt
005 20220301121941.0
008 220301b ||||| |||| 00| 0 eng d
020 _a0796921652
040 _cDDC
082 _a380 FIL1995
100 _aCross, Catherine
_915813
245 _aViews on migration in Sub Saharan Africa
_b: proceedings of an African Migration alliance workshop
260 _aCapetown
_b: Human science research council
_c; 2006
300 _aix, 291p.
_c; 21 cm
650 _aMigration - Sub saharan Africa
_915814
942 _2ddc
_cBOOK